| 000 | 00739cab a2200229 4500 | ||
|---|---|---|---|
| 001 | WB3436-43 | ||
| 008 | 090401t1998 xxu||||| |||| 00| 0 eng d | ||
| 035 | _a(Sirsi) u88645 | ||
| 041 | _aeng | ||
| 245 | _aNew Chairman for EP and CNT | ||
| 260 | _c1998 | ||
| 350 | _a0 | ||
| 490 |
_aDETR News Release _v(776) 22 September 1998 (2) |
||
| 520 | _aSir Alan Cockshaw is to become Chairman of English Partnerships and the Commission for the New Towns. He is currently serving as President of the Institution of Civil Engineers. | ||
| 650 | _aCHAIRMAN | ||
| 650 | _aCOMMISSION FOR THE NEW TOWNS | ||
| 650 | _aENGLISH PARTNERSHIPS | ||
| 650 | _aURBAN REGENERATION | ||
| 690 | _aURBAN RENEWAL | ||
| 942 | _n0 | ||
| 948 | _c24/09/1998 | ||
| 999 |
_c56044 _d56044 |
||